Košičania sa dočkali tržnice

Bibliographic Details
Main Author: (kup) (Author)
Corporate Author: Sladovňa stará (Author)
Format: Article
Language:Slovak
PhysicalDescription:1 foto
Subjects:

MARC

LEADER 00000nab a2200000 a 4500
001 vtls000897796
003 SK-MaSNL
005 20260302174712.0
008 040720e19980527xo 0 slo
035 |a KE6819 
040 |a KEVKJB  |b slo  |c KEVKJB  |e AACR2 
041 0 |a slo 
044 |a xo  |c SK 
080 |a 339.175  |2 1981 
100 0 |a (kup)  |4 aut  |9 884919 
245 1 0 |a Košičania sa dočkali tržnice 
300 |b 1 foto 
610 2 7 |a Sladovňa stará  |2 KEVKJB  |9 884920 
650 0 7 |a tržnice kryté  |2 KEVKJB  |9 884921 
650 0 7 |a využitie nové  |2 KEVKJB  |9 884922 
651 7 |a Košice (Slovensko)  |2 KEVKJB  |9 18694 
651 7 |a KE,  |2 KEVKJB  |9 877256 
651 7 |a KE,  |2 KEVKJB  |9 877256 
655 7 |a periodikum  |2 snkbucl  |9 29553 
710 2 |a Sladovňa stará  |4 aut  |9 884920 
773 0 8 |t Korzár  |g Roč. 1, č.87, 27.5.1998, s. 3 
852 |a ZVYKNI  |b KIS3GCP 
999 |c 1404821  |d 1406751